| 000 | 00653nam a2200181 a 4500 | ||
|---|---|---|---|
| 008 | 061213s2006 ||||||||||||||||| || u | ||
| 050 | _aIBRD(08)PRWP/4000 | ||
| 100 | _aChauvin, Nicolas Depetris | ||
| 245 | 1 | 0 | _aWho gets debt relief? |
| 260 |
_aWashington, D. C. _bWorld Bank _c2006 |
||
| 300 | _a19p.;ill. | ||
| 350 | _a0.00 | ||
| 490 | _aWorld Bank policy research working papers | ||
| 650 | 0 | _aECONOMICS | |
| 650 | _aDEBT RELIEF--RESEARCH | ||
| 700 | _aKraay, Aart | ||
| 995 |
_D0.00 _FCBU-MAIN LIBRARY (Kitwe) _H1 _I0.00 _M1 _UAVAILABLE _WDec 13, 2006 _ZInternational Publications |
||
| 999 |
_c61720 _d61720 |
||